| 000 | 00927nam a2200229Ia 4500 | ||
|---|---|---|---|
| 003 | Ost | ||
| 005 | 20260507075100.0 | ||
| 008 | 260507s9999||||xx |||||||||||||| ||und|| | ||
| 040 | _cfsecg | ||
| 041 | _aara | ||
| 082 | _a346.04364 | ||
| 100 |
_aطلبة، انور _eمؤلف |
||
| 245 | 0 |
_aشرح قانون التمويل العقاري / _c انور طلبة |
|
| 260 |
_aالاسكندرية: _bالمكتب الجامعي, _c2004 |
||
| 300 |
_a203 صفحة؛ _bإيضاحات ؛ _c24 سم |
||
| 490 | _aالمكتبة القانونية | ||
| 520 | _aنشاط التمويل العقاري ، اتفاق التمويل ، الضمان العقاري ، حقوق المستثمر ، الوكيل العقاري ن التنفيذ على العقار ، الرقابة. | ||
| 653 | _aالتمويل | ||
| 653 | _aالعقارات | ||
| 653 | _aالعقارات - قوانين و تشريعات | ||
| 942 | _cكتاب | ||
| 999 |
_c42789 _d42789 |
||